000 00289nam a2200121Ia 4500
005 20251222141831.0
008 251222s9999||||xx |||||||||||||| ||spa||
082 _a657.45/C14
100 _aCachay Aliaga, Wilson James
245 0 _aAuditoría de Negocios:
264 _bUNMSM
942 _cLIB
999 _c7102
_d7102